Diccionario de filosofía / Pablo María Hernández (Registro nro. 4845)
[ vista simple ]
| 000 -LEADER | |
|---|---|
| fixed length control field | 00473nam a22001811a 4500 |
| 001 - CONTROL NUMBER | |
| control field | 4845 |
| 003 - CONTROL NUMBER IDENTIFIER | |
| control field | OSt |
| 005 - DATE AND TIME OF LATEST TRANSACTION | |
| control field | 20260204211950.0 |
| 008 - FIXED-LENGTH DATA ELEMENTS--GENERAL INFORMATION | |
| fixed length control field | 050919s1982||||dr ||||||b||||||||||spa|| |
| 050 ## - LIBRARY OF CONGRESS CALL NUMBER | |
| Classification number | R RD 100 H43d |
| 100 ## - ASIENTO PRINCIPAL -- NOMBRE PERSONAL | |
| Personal name | Hernández, Pablo María |
| 245 ## - TÍTULO PROPIAMENTE DICHO: SUBTÍTULO | |
| Title | Diccionario de filosofía / Pablo María Hernández |
| 264 ## - PRODUCTION, PUBLICATION, DISTRIBUTION, MANUFACTURE, AND COPYRIGHT NOTICE | |
| Place of production, publication, distribution, manufacture | Santo Domingo : UASD |
| 300 ## - PHYSICAL DESCRIPTION | |
| Extensión | 117 p |
| 500 ## - GENERAL NOTE | |
| General note | Incluye bibliografía |
| 650 ## - ASIENTO SECUNDARIO DE MATERIA -- TERMINO TEMÁTICO | |
| Termino Temático Como Elemento de Entrada | 1.Filosofía - DiccionarioÌ |
| 942 ## - ADDED ENTRY ELEMENTS (KOHA) | |
| Source of classification or shelving scheme | Dewey Decimal Classification |
| Koha item type | Libros |
| Withdrawn status | Lost status | Source of classification or shelving scheme | Damaged status | Not for loan | Current library | Date acquired | Full call number | Barcode | Date last seen | Price effective from | Koha item type | Total Checkouts |
|---|---|---|---|---|---|---|---|---|---|---|---|---|
| Dewey Decimal Classification | Dañado | Biblioteca UTECO | 09/09/2019 | R RD 100 H43D | 009144 | 09/09/2019 | 09/09/2019 | Libros | ||||
| Dewey Decimal Classification | Biblioteca UTECO | 09/09/2019 | R RD 100 H43D | 009752 | 09/09/2019 | 09/09/2019 | Libros | |||||
| Dewey Decimal Classification | Biblioteca UTECO | 09/09/2019 | R RD 100 H43D | 009973 | 09/09/2019 | 09/09/2019 | Libros | |||||
| Dewey Decimal Classification | Biblioteca UTECO | 09/09/2019 | R RD 100 H43D | 009974 | 09/09/2019 | 09/09/2019 | Libros | |||||
| Dewey Decimal Classification | Biblioteca UTECO | 09/09/2019 | R RD 100 H43D | 008636 | 09/09/2019 | 09/09/2019 | Libros |
